In welchen Ländern gibt es Aldi? - Statistiken

Allgemein
  • Dieses Quiz wurde 553 mal gespielt
  • Das Durchschnittsergebnis liegt bei 15 aus 18
Antwortstatistiken
Anzahl Filialen Land % Korrekt
ca. 4270 Deutschland
100%
ca. 541 Österreich
98%
ca. 362 Polen
96%
ca. 246 Schweiz
96%
ca. 1.314 Frankreich
95%
ca. 476 Spanien
95%
ca. 190 Italien
93%
ca. 2624 Vereinigte Staaten
93%
ca. 491 Niederlande
92%
ca. 443 Belgien
91%
ca. 1.050 Vereinigtes Königreich
89%
ca. 141 Portugal
86%
ca. 21 Luxemburg
82%
ca. 163 Irland
73%
ca. 182 Ungarn
66%
ca. 92 Slowenien
61%
ca. 60 China
55%
ca. 599 Australien
50%
Keine übereinstimmenden Quizze gefunden
Verteilung der Resultate
Anzahl Personen mit jedem Resultat
Perzentil nach korrekt beantworteten Fragen
Ihre Resultats-Entwicklung
Sie haben dieses Quiz noch nicht gespielt